000
00321nam a2200133Ia 4500
008
191201s2006 xx 000 0 und d
082
_a
657
_b
SRA
100
_a
SRINIVASAN, N P
245
0
_a
Accounting for Management
260
_a
N.Delhi
_b
S Chand and Co. Ltd.
_c
2006
300
_a
710
650
_a
MBA
942
_2
ddc
_c
BK
999
_c
2644
_d
2644